| 000 | 00666nam a2200229 i 4500 | ||
|---|---|---|---|
| 001 | 108540 | ||
| 003 | ES-MaACL | ||
| 005 | 20230906184647.0 | ||
| 007 | t| | ||
| 008 | 061121s1970 sp |||| | spa d | ||
| 100 | 1 |
_aMonjardet, André. _982217 |
|
| 245 | 1 | 0 |
_aOtro sacerdote, otra iglesia / _cAndré Monjardet; traducción de Luis Morante. |
| 260 |
_aMadrid : _bMarova, _c1970. |
||
| 300 |
_a203 p. ; _c18 cm. |
||
| 490 | 1 | _aNuevas fronteras | |
| 650 | 4 |
_aSacerdotes obreros. _9161177 |
|
| 650 |
_aSacerdocio. _9143867 |
||
| 700 | 1 |
_aMorante, Luis. _983144 |
|
| 830 | 0 |
_aNuevas fronteras _9183541 |
|
| 852 |
_aES-MaACL _jC-47605 |
||
| 999 |
_c108540 _d108540 |
||